000 01807nam a22003977i 4500
003 DO-SdBNP
005 20250828105444.0
007 ta
008 110504s2019 dr ao 000 0 spa d
020 _a9789945909777
040 _aDO-SdBNP
_bspa
_cBNPHU
_erda
082 4 _a306.097293
_bC397a 2018
_222
110 2 _aCentro Cultural Eduardo León Jimenes
_956909
245 1 0 _aAnuario 2018 :
_bCentro León : 15 años por una mejor nación /
_cDaniela Cruz Gil, Alexandra Guzmán, Carlos Andújar Persinal ; traducción, Ecilda Jimenes, Leslie Polanco, Rosa María Andújar ; fotografías, Dahiana J. Vásquez, Daniel Collado.
264 1 _aSantiago de los Caballeros, República Dominicana :
_bCentro León,
_c2019.
300 _a219 páginas :
_bilustraciones, fotografías ;
_c32 cm.
336 _2rdacontent
_atexto
_btxt
337 _2rdamedia
_asin mediación
_bn
338 _2rdacarrier
_avolumen
_bnc
500 _aTexto en español. inglés y francés
590 _aInventariado, 2023/ YL
610 2 0 _aCentro Cultural Eduardo León Jimenes
_956909
650 7 _aArte
_zRepública Dominicana
_981690
_2LEMB
650 7 _aCultura
_zRepública Dominicana
_91983
_2LEMB
650 7 _aCentros culturales
_zRepública Dominicana
_981691
_2LEMB
700 1 _aCruz Gil, Daniela,
_eredactor
_981699
_4red.
700 1 2 _aGuzmán, Alexandra,
_eredactor
_984595
_4red.
700 1 _aAndújar Persinal, Carlos,
_eredacción
_984596
700 1 _aJimenes, Ecilda,
_etraductor
_981700
_4trad.
700 1 _aPolanco, Leslie
_etraductor
_917679
_4trad.
700 1 _aAndújar, Rosa María,
_etraductor
_981500
_4trad.
700 1 _aVasquez, Dahiana J.,
_efotografía
_976983
_4fot.
700 1 _aCollado, Daniel ,
_efotografía
_4fot.
_988543
910 _aYLockward/Validado. Control de calidad MFF
942 _2ddc
_cLBS1
999 _c55415
_d55415